International journal of agricultural management (Record no. 11232)

000 -LEADER
fixed length control field 00296nam a22001217a 4500
040 ## - CATALOGING SOURCE
Transcribing agency 338
082 ## - DEWEY DECIMAL CLASSIFICATION NUMBER
Classification number 338 MAR 2013 C090
100 ## - MAIN ENTRY--AUTHOR NAME
Personal name MARTYN WARREN
245 ## - TITLE STATEMENT
Title International journal of agricultural management
260 ## - PUBLICATION, DISTRIBUTION, ETC. (IMPRINT)
Place of publication Phnom Penh
Name of publisher MAR
Year of publication 2013
300 ## - PHYSICAL DESCRIPTION
Number of Pages 239p.
Other physical details ill.
Dimensions 29cm.
942 ## - ADDED ENTRY ELEMENTS (KOHA)
Koha item type សៀវភៅភាសាអង់គ្លេស
952 ## - LOCATION AND ITEM INFORMATION (KOHA)
Withdrawn status [LOCAL, KOHA] 0
Holdings
Permanent Location Date acquired Koha item type Lost status Shelving location Barcode Current Location Full call number
Library Block C2017-02-24សៀវភៅភាសាអង់គ្លេស C190A05041Library Block C338 MAR 2013 C190
មជ្ឈមណ្ឌលឯការនៃសាកលវិទ្យាល័យភូមិន្ទកសិកម្មចំការដូង

Powered by Koha